Statistics for 100 Finnish words

Click here to take the quiz!

General Stats

  • This quiz has been taken 823 times
    (818 since last reset)
  • The average score is 62 of 75

Answer Stats

HintAnswer% Correct
mapkartta
97%
radioradio
96%
bigiso
94%
CatKissa
94%
monthkuu
94%
moonkuu
94%
pianopiano
94%
shehän
93%
hehän
93%
theyhe
93%
schoolkoulu
93%
sixkuusi
93%
weme
93%
Iminä
93%
Yousinä
93%
oneyksi
93%
christmasjoulu
92%
tenkymmenen
92%
pigsika
92%
FinlandSuomi
92%
hellohei
91%
thank youkiitos
91%
eggmuna
91%
bluesininen
91%
heartsydän
91%
newuusi
91%
greenvihreä
91%
alcoholalkoholi
90%
sunaurinko
90%
clockkello
90%
FamilyPerhe
90%
treepuu
90%
riceriisi
90%
itse
90%
youte
90%
mousehiiri
89%
HappyIloinen
89%
Seameri
89%
hundredsata
89%
homeworkkotitehtävät
88%
cowlehmä
88%
SadSurullinen
88%
birthdaysyntymäpäivä
88%
boneluu
87%
killtappaa
87%
dirtylikainen
86%
perfecttäydellinen
86%
messageviesti
86%
halloweenhalloween
85%
buildingrakennus
85%
deathkuolema
83%
see younähdään
83%
owlpöllö
83%
bye byehei hei
82%
platelautanen
82%
forkhaarukka
81%
kisssuukko
81%
hardkova
80%
lawlaki
78%
PoisonMyrkky
78%
witchnoita
78%
sceletonluuranko
76%
intependencedayitsenäisyyspäivä
75%
henkana
75%
kittenkissanpentu
75%
criminalrikollinen
74%
miaowmiau
61%
scullpääkallo
60%
hangroikkua
59%
torturekiduttaa
49%
MIlkywaylinnunrata
49%
ribkylkiluu
43%
braceletrannekoru
22%
massacrejoukkomurha
20%
adjustsopeutua
13%

Score Distribution

Percentile by Number Answered

Percent of People with Each Score

Your Score History

You have not taken this quiz since the last reset